[Event "Ibiza Summer op 4th"]
[Site "Ibiza"]
[Date "2016.06.25"]
[Round "4"]
[White "Lavernia Marco, Marc"]
[Black "Querol Zamora, Ivan"]
[Result "1/2-1/2"]
[WhiteElo "1392"]
[BlackElo "1323"]
[PlyCount "41"]
[EventDate "2016.06.24"]
[EventType "swiss"]
[EventRounds "6"]
[EventCountry "ESP"]
[SourceTitle "CBM 173 Extra"]
[Source "ChessBase"]
[SourceDate "2016.08.29"]
[SourceVersion "1"]
[SourceVersionDate "2016.08.29"]
[SourceQuality "1"]

1. e4 d5 2. exd5 Qxd5 3. Nc3 Qa5 4. d4 c6 5. Bc4 Nf6 6. Nf3 Bf5 7. Bb3 e6 8. Bf4 Nbd7 9. 0-0 Qd8 10. Re1 Bb4 11. Ne5 Qa5 12. Qf3 Bxc3 13. bxc3 Nxe5 14. Bxe5 0-0-0 15. Rab1 Rd7 16. Rb2 Re8 17. Reb1 Ree7 18. Bc4 Qa4 19. Rb4 Qa5 20. Qxc6+ Rc7 21. Bxc7 1/2-1/2